000 00432cam a22001337a 4500
008 180718b2005 xxu||||| |||| 00| 0 eng d
020 _a8122007015
082 _aA99 T326
100 _aMathur, D.D.
245 _aMy life:and years in Kashmir politics
_cby D.D.Mathur
260 _aDelhi
_bKonark
_c2005
300 _a529p
650 _aThakur, D. D.Politicians -India -Jammu and Kashmir -Biography.Jammu and Kashmir (India) -Biography.
999 _c416047
_d416047